000 00792nam a2200241Ia 4500
003 OSt
005 20221006164017.0
006 a|||||r|||| 00| 0
007 ta
008 221006b |||||||| |||| 00| 0 hin d
024 _a7,183
037 _cDissertations
040 _aFML
_cFML
_bhin
041 _2hin
_ahin
100 _aAvashti shakshi Au.
_9676426
110 _aDelhi University. Faculty of Music and Fine Arts. Department of Music
245 0 _a13vi Se 16vi Shati ke Madhay Musalim Shasanantargat Bharatiya Sangeet main Aye Parivartan ka Vishleshanlatmak Aadhayan
260 _c2014
300 _a84
_ccm.
700 _aDelhi University. Faculty of Music and Fine Arts. Department of Music
942 _cDIS
_2CC
999 _c1115974
_d1115974